000 00457nam a2200157 a 4500
001 2174
003 CDMR
005 20130926100542.0
008 130130s1945||||||||||||||||||||||||||||d
040 _aCDMR
_bcat
_cCDMR
100 1 _aSentís, Carles
_9107
245 1 3 _aLa paz vista desde Londres
_b: de Dachau a Picadilly en el día de la victoria
260 _aBarcelona
_c1945
_bSalvador Rosás
650 0 4 _93587
_aGuerra Mundial II, 1939-1945
942 _cMON
_2udc
999 _c2174
_d2174